Sanat - "Propello" - Statistics

Yleistilastot
  • Tätä visaa on pelattu 120 kertaa
  • Keskiarvotulos 90 / 147
Vastaustilastot
Vastaus % Oikein
ei
96%
helikopteri
95%
bensaa
94%
se
94%
laittaa
90%
pitää
88%
toimi
88%
eikö
87%
on
87%
Pitääkö
87%
sillä
87%
propello
85%
mikä
82%
siinä
82%
Siinä
82%
toimii
82%
helikopterille
78%
ai
76%
moottori
76%
potkurijutulla
73%
ku
71%
päällä
68%
sit
68%
meinaat
67%
sitä
67%
akkuako
66%
ne
66%
pyörittää
66%
eiku
65%
joka
65%
sen
65%
niin
63%
äksdee
60%
siihen
60%
juttu
59%
mitä
59%
pyöriä
59%
siel
59%
ylhäällä
56%
potkurin
54%
bensal
52%
mut
52%
anteeksi
51%
tottakai
51%
auto
50%
jollain
50%
akulla
49%
ilman
48%
niin
48%
pyörivä
48%
siellä
48%
bensalla
46%
tarvita
46%
siihenkö
45%
muuta
44%
moottoriin
43%
no
41%
voi
41%
renkaita
39%
autokaan
38%
kohteen
38%
kulje
38%
liimaa
38%
siis
38%
polttoainetta
35%
tietenkin
34%
eli
33%
porukkaa
33%
tyhmää
33%
vittu
33%
kaikki
32%
keppiin
32%
etanolia
30%
juttua
29%
propelloo
29%
tarvitaan
29%
ja
28%
samaa
28%
fuck
27%
käyttävät
27%
onko
27%
what
27%
suksen
26%
eipä
24%
etc
24%
the
24%
autos
23%
polttoaineena
23%
samanlainen
20%
lentokoneet
12%
Ehtoja vastaavia visoja ei löytynyt
Tulosjakauma
Jokaisen tuloksen saaneiden osuus
Persentiili vastausten määrän mukaan
Tuloshistoriasi
Et ole pelannut tätä visaa